00341nam a2200133Ia 4500008004100000041000800041082001800049100001900067245003300086260004100119300001200160650001400172650002100186210719s1962 xx 000 0 und d aeng a330.0954 MISH aMISHRA (Vikas) aHinduism and economic growth aLondonbOxfor University Pressc1962 a219bHB aEconomics aIndian Economics